Statistics for Biggest Cities in Mexico

Click here to take the quiz!

General Stats

  • This quiz has been taken 9,972 times
  • The average score is 8 of 20

Answer Stats

Population City % Correct
8,851,080Mexico City
100%
1,495,189Guadalajara
84%
1,559,683Tijuana
76%
1,135,550Monterrey
72%
1,332,131Ciudad Juarez
55%
789,971Acapulco
49%
1,539,819Puebla
48%
819,543Chihuahua
38%
830,732Mérida
35%
1,436,480Leon
30%
936,826Mexicali
26%
819,561Toluca
25%
784,342Hermosillo
20%
801,940Querétaro
19%
797,010Aguascalientes
17%
1,656,107Ecatepec de Morelos
16%
858,638Culiacán
15%
1,110,565Nezahualcóyotl
13%
1,243,756Zapopan
12%
833,779Naucalpan
9%

Score Distribution

Percentile by Number Answered

Percent of People with Each Score

Your Score History

You have not taken this quiz